[Event "Moscow City Team-ch"]
[Site "Moscow"]
[Date "2021.09.16"]
[Round "6"]
[White "Kokodeev, Ilya"]
[Black "Petrova, Elizaveta1"]
[Result "0-1"]
[WhiteElo "1739"]
[BlackElo "1835"]
[PlyCount "196"]
[EventDate "2021.09.11"]
[EventType "team-swiss"]
[EventRounds "7"]
[EventCountry "RUS"]
[SourceTitle "EXT 2022"]
[Source "ChessBase"]
[SourceDate "2021.10.06"]
[SourceVersion "1"]
[SourceVersionDate "2021.10.06"]
[SourceQuality "1"]

1. e4 c6 2. d4 d5 3. e5 Bf5 4. h4 h6 5. g4 Be4 6. f3 Bh7 7. h5 e6 8. Bd3 Bxd3 9. Qxd3 Nd7 10. Be3 Qb6 11. Qb3 Qc7 12. Nd2 Ne7 13. Ne2 c5 14. c3 c4 15. Qc2 Nc6 16. f4 0-0-0 17. b3 Na5 18. b4 Nc6 19. a4 Ne7 20. Nf3 g6 21. Kd2 Rg8 22. Rag1 f6 23. Nh4 g5 24. Nf3 fxe5 25. Nxe5 Nxe5 26. fxe5 Nc6 27. Rb1 Bg7 28. Rhf1 Rdf8 29. Qg6 Qe7 30. Ng3 Nd8 31. Rxf8 Rxf8 32. Rf1 Rxf1 33. Nxf1 a5 34. Qb1 axb4 35. Qxb4 Qf7 36. Ke2 Bf8 37. Qb1 Nc6 38. Nd2 Kc7 39. Qc2 Na5 40. Qb1 Nc6 41. Qc2 Nb8 42. Qb1 Be7 43. Qc2 Nd7 44. Qb1 Bd8 45. Qg6 Qe7 46. Qxh6 Nb6 47. Nf3 Nxa4 48. Bxg5 Nxc3+ 49. Kf1 Qf7 50. Bxd8+ Kxd8 51. Qe3 Ne4 52. Ke2 Ng3+ 53. Ke1 Qf8 54. Nd2 Ne4 55. Nxe4 dxe4 56. h6 Qe7 57. Qxe4 Qh4+ 58. Ke2 Qxh6 59. Qxb7 Qh2+ 60. Kd1 Qg1+ 61. Kc2 Qxd4 62. Qb8+ Ke7 63. Qc7+ Ke8 64. Qc6+ Kf7 65. Qf3+ Ke8 66. Qc6+ Kf7 67. Qc7+ Kg6 68. Qd6 Qxg4 69. Kc3 Kf5 70. Qf8+ Kxe5 71. Qc5+ Kf6 72. Qf8+ Kg5 73. Qe7+ Kf5 74. Qf7+ Ke5 75. Qc7+ Ke4 76. Qxc4+ Kf5 77. Qc5+ e5 78. Qf8+ Ke4 79. Qb4+ Kf3 80. Qb7+ Ke3 81. Qb3 Qd4+ 82. Kc2+ Ke2 83. Qb5+ Kf3 84. Qf1+ Qf2+ 85. Qxf2+ Kxf2 86. Kd3 Kf3 87. Kd2 e4 88. Ke1 Ke3 89. Kf1 Kd2 90. Kg2 e3 91. Kh1 e2 92. Kg2 e1Q 93. Kf3 Qe5 94. Kg4 Qf6 95. Kh5 Qg7 96. Kh4 Ke3 97. Kh5 Kf4 98. Kh4 Qh6# 0-1